| 000 | 00429nam a2200181Ia 4500 | ||
|---|---|---|---|
| 005 | 20240823063051.0 | ||
| 008 | 240823s9999||||xx |||||||||||||| ||und|| | ||
| 041 | _aENGLISH | ||
| 082 | _A621.3192 N6 | ||
| 100 | _aParanjothi S R | ||
| 245 | 0 | _aElectric Circuit Analysis | |
| 250 | _a1st | ||
| 260 |
_c1996 _b"New Age,New Delhi" |
||
| 500 | _aTRANSFERED | ||
| 650 |
_aCircuits _bElectrical |
||
| 942 | _cBK | ||
| 999 |
_c237368 _d237368 |
||